| 000 | 00812nam a22002297a 4500 | ||
|---|---|---|---|
| 005 | 20160217110709.0 | ||
| 010 | _a1516EN07 ENG-114784 | ||
| 020 |
_a9789383256860 _c650.00 |
||
| 035 | _aB-602680-713 | ||
| 035 | _aEN-98316 | ||
| 037 |
_adpl _bKBD/Ven |
||
| 037 | _bDBAD/PUB | ||
| 082 | _a340 | ||
| 245 |
_aS.S.handbook for LL.M.entrance exam 2015-2016 : _bbased on new syllabus / _cby Vishal Singh...[et al] |
||
| 250 | _a11th ed | ||
| 260 |
_aDelhi _bSinghal Law Publications _c2016 |
||
| 270 |
_aA-2/157 Bhagat Colony, Sant Nagar _bDelhi _e110084 |
||
| 300 |
_avarious pagings _c25cm(pbk) |
||
| 700 | _aVishal Singh | ||
| 942 |
_2ddc _cEN _h340 _mSSH |
||
| 999 |
_c95598 _d95598 |
||